书目信息 |
| 题名: |
商法案例教程
|
|
| 作者: | 王志远 著 | |
| 分册: | ||
| 出版信息: | 北京 中央广播电视大学出版社 2004 |
|
| 页数: | 527页 | |
| 开本: | 24cm | |
| 丛书名: | ||
| 单 册: | ||
| 中图分类: | D923.995 | |
| 科图分类: | ||
| 主题词: | 商法 , 案例 , 商法--案例--中国--电视大学--教材 | |
| 电子资源: | ||
| ISBN: | 7-304-02965-X | |
| 000 | 00911nam0 2200277 450 | |
| 001 | 1163618832 | |
| 005 | 20111125174112.06 | |
| 010 | @a7-304-02965-X@dCNY42.00 | |
| 090 | @aD923.99@bwzy | |
| 096 | @aD923.99@bwzy | |
| 100 | @a20050316d2004 em y0chiy50 ea | |
| 101 | 0 | @achi |
| 102 | @aCN@b110000 | |
| 105 | @ay zn 000yy | |
| 200 | 1 | @a商法案例教程@b专著@f王志远[著]@9shang fa an li jiao cheng |
| 210 | @a北京@c中央广播电视大学出版社@d2004@h2005印 | |
| 215 | @a527页@d24cm | |
| 300 | @a教育部人才培养模式改革和开放教育试点法学案例教材 | |
| 330 | @a本书内容包括:公司法案例、合伙企业法案例、破产法案例、票据法案例、保险法案例、证券法案例等。 | |
| 606 | 0 | @a商法 |
| 606 | 0 | @a案例 |
| 606 | 0 | @a商法@x案例@y中国@x电视大学@j教材 |
| 690 | @aD923.995@v4 | |
| 701 | 0 | @a王志远@c(经济法)@4著@9wang zhi yuan |
| 801 | 0 | @aCN@b大连网信软件有限公司图书馆·11@c20111125 |
| 905 | @aZUCC@dD923.995@eW468 | |
| 商法案例教程/王志远[著].-北京:中央广播电视大学出版社,2004(2005印) |
| 527页;24cm |
| 教育部人才培养模式改革和开放教育试点法学案例教材 |
| ISBN 7-304-02965-X:CNY42.00 |
| 本书内容包括:公司法案例、合伙企业法案例、破产法案例、票据法案例、保险法案例、证券法案例等。 |
| ● |
| 相关链接 |
|
|
|
正题名:商法案例教程
索取号:D923.995/W468
 
预约/预借
| 序号 | 登录号 | 条形码 | 馆藏地/架位号 | 状态 | 备注 |
| 1 | 844044 | 208440445 | 社科库509/509社科库 96排1列3层/ [索取号:D923.995/W468] | 在馆 |